[Event "Rome Elo op 1st"]
[Site "Rome"]
[Date "2008.11.12"]
[Round "5"]
[White "Antonelli, Mauro"]
[Black "Mulas, Icaro"]
[Result "1-0"]
[WhiteElo "2075"]
[BlackElo "1813"]
[PlyCount "63"]
[EventDate "2008.10.15"]
[EventType "swiss"]
[EventRounds "7"]
[EventCountry "ITA"]
[SourceTitle "EXT 2011"]
[Source "ChessBase"]
[SourceDate "2010.11.26"]
[SourceVersion "1"]
[SourceVersionDate "2010.11.26"]
[SourceQuality "1"]

1. c4 Nf6 2. Nc3 g6 3. e4 d6 4. d4 Bg7 5. Be2 0-0 6. Bg5 h6 7. Be3 c6 8. Qd2 Kh7 9. 0-0-0 a6 10. f3 b5 11. Kb1 Bd7 12. c5 a5 13. g4 a4 14. a3 Na6 15. Na2 Be6 16. Nb4 Nxb4 17. Qxb4 Bb3 18. Rc1 dxc5 19. Rxc5 Rc8 20. Nh3 Nd7 21. Rcc1 Nb8 22. Bd1 Na6 23. Qd2 Be6 24. Nf4 Bc4 25. Bxa4 g5 26. Nh5 Be6 27. Bc2 f6 28. h4 Kg8 29. b4 Bf7 30. Nxg7 Kxg7 31. hxg5 hxg5 32. Bxg5 1-0

[Event "Rome Elo op 1st"]
[Site "Rome"]
[Date "2008.11.05"]
[Round "4"]
[White "Antonelli, Mauro"]
[Black "Urzi, Silvio"]
[Result "1-0"]
[WhiteElo "2075"]
[BlackElo "1806"]
[PlyCount "83"]
[EventDate "2008.10.15"]
[EventType "swiss"]
[EventRounds "7"]
[EventCountry "ITA"]
[SourceTitle "EXT 2011"]
[Source "ChessBase"]
[SourceDate "2010.11.26"]
[SourceVersion "1"]
[SourceVersionDate "2010.11.26"]
[SourceQuality "1"]

1. d4 d5 2. c4 e6 3. Nc3 c5 4. cxd5 exd5 5. Nf3 Nc6 6. g3 Nf6 7. Bg2 Be7 8. 0-0 0-0 9. Bg5 Be6 10. Rc1 cxd4 11. Nxd4 Bc5 12. Nxc6 bxc6 13. Na4 Be7 14. Rxc6 Qd7 15. Rc1 Bh3 16. Qd4 Bxg2 17. Kxg2 h6 18. Bf4 Nh5 19. Nc5 Nxf4+ 20. Qxf4 Qb5 21. Qd4 Qxe2 22. Nd7 Rfe8 23. Qxd5 Qxb2 24. Ne5 Rf8 25. Ng6 Rad8 26. Nxe7+ Kh8 27. Qb3 Qd4 28. Nc6 Qe4+ 29. Qf3 Qxf3+ 30. Kxf3 Rd3+ 31. Kg2 Ra3 32. Rc2 Rc8 33. Rfc1 a6 34. h4 Kh7 35. Ne5 Rf8 36. h5 Ra5 37. Nd7 Rd8 38. Rd1 Re8 39. Rd6 Rxh5 40. Rxa6 Rd5 41. Ra7 Re7 42. Nf6+ 1-0